Influence of atmospheric and climatic change on plant-pathogen interactions (Record no. 61176)

MARC details
000 -LEADER
fixed length control field 00476nam a2200181Ia 4500
100 ## - MAIN ENTRY--AUTHOR NAME
Personal name Eastburn D M
245 #0 - TITLE STATEMENT
Title Influence of atmospheric and climatic change on plant-pathogen interactions
260 ## - PUBLICATION, DISTRIBUTION, ETC. (IMPRINT)
Name of publisher Plant Pathology
Year of publication 2011
300 ## - PHYSICAL DESCRIPTION
Number of Pages 54-69
650 ## - SUBJECT ADDED ENTRY--TOPICAL TERM
Topical Term CO2
650 ## - SUBJECT ADDED ENTRY--TOPICAL TERM
Topical Term FACE
650 ## - SUBJECT ADDED ENTRY--TOPICAL TERM
Topical Term Microarray
650 ## - SUBJECT ADDED ENTRY--TOPICAL TERM
Topical Term Ozone (O3)
650 ## - SUBJECT ADDED ENTRY--TOPICAL TERM
Topical Term Plant disease
650 ## - SUBJECT ADDED ENTRY--TOPICAL TERM
Topical Term Signal transduction
942 ## - ADDED ENTRY ELEMENTS (KOHA)
Koha item type Journals
Holdings
Withdrawn status Lost status Damaged status Not for loan Home library Current library Shelving location Date acquired Serial Enumeration / chronology Koha item type
      Journals RRII Library RRII Library Climate change 04/10/2011 Volume 60, Issue 1 Journals